00684nam a2200229Ia 4500003000900000008004100009040001300050040001300063041000800076100001900084100001100103245006500114250001200179260001500191260000900206300001100215300001200226490000600238942000700244999001700251952018600268IT-RoPAU120407s9999 xx 000 0 und d aIT-RoPAU cIT-RoPAU aita aAngelo Selesio cpseudo aIl Pellegrino Cherubico. Antologia a cura di Giuseppe Faggin aVicenza aLa Locusta c1981 a100 p. c17,5 cm v1 cBK c23988d23988 00102ddc406248_100000000000000_2171aPAULUSbPAULUSd2012-04-11l0o248.1.21r2012-04-11 00:00:00w2012-04-11yBKzInserito da: In data: n.d. fondo: Via A.Severo 56 Progr:13748